书目信息 |
| 题名: |
人体穴位健康手册
|
|
| 作者: | 刘丽 编著 | |
| 分册: | ||
| 出版信息: | 天津 天津科学技术出版社 2009.11 |
|
| 页数: | 264页 | |
| 开本: | 24cm | |
| 丛书名: | ||
| 单 册: | ||
| 中图分类: | R245.9-62 | |
| 科图分类: | ||
| 主题词: | 穴位疗法--手册 , 穴位疗法 | |
| 电子资源: | ||
| ISBN: | 978-7-5308-5347-4 | |
| 000 | 00930nam0 22002531 450 | |
| 001 | 004340892 | |
| 005 | 20110113175622.0 | |
| 010 | @a978-7-5308-5347-4@dCNY32.00 | |
| 100 | @a20091207d2009 em y0chiy50 ea | |
| 101 | 0 | @achi |
| 102 | @aCN@b120000 | |
| 105 | @aa z 000yy | |
| 200 | 1 | @a人体穴位健康手册@Aren ti xue wei jian kang shou ce@f刘丽编著 |
| 210 | @a天津@c天津科学技术出版社@d2009.11 | |
| 215 | @a264页@c图@d24cm | |
| 300 | @a中医解密健康之穴位篇 | |
| 330 | @a本书以中医理论为基础,介绍了按摩、刮痧、拔罐、艾灸在人体特定部位(穴位、反射区、疼痛部位等)进行疾病治疗的方法。书中将疾病分为常见病症、内科、外科、妇科、男科、儿科、五官科、皮肤科几大类,每种疾病都给介绍了四种治疗方法,同时还增加了几种简易妙招。 | |
| 606 | 0 | @a穴位疗法@j手册 |
| 606 | 0 | @a穴位疗法 |
| 690 | @aR245.9-62@v5 | |
| 701 | 0 | @a刘丽@Aliu li@4编著 |
| 801 | 0 | @aCN@bxiyuan@c20100624 |
| 905 | @aBZT@dR245.9-62@e1 | |
| 906 | @dCNY32.00@n0@r1 | |
| 人体穴位健康手册/刘丽编著.-天津:天津科学技术出版社,2009.11 |
| 264页:图;24cm |
| 中医解密健康之穴位篇 |
| ISBN 978-7-5308-5347-4:CNY32.00 |
| 本书以中医理论为基础,介绍了按摩、刮痧、拔罐、艾灸在人体特定部位(穴位、反射区、疼痛部位等)进行疾病治疗的方法。书中将疾病分为常见病症、内科、外科、妇科、男科、儿科、五官科、皮肤科几大类,每种疾病都给介绍了四种治疗方法,同时还增加了几种简易妙招。 |
| ● |
| 相关链接 |
|
|
|
正题名:人体穴位健康手册
索取号:R245.9-62/1
 
预约/预借
| 序号 | 登录号 | 条形码 | 馆藏地/架位号 | 状态 | 备注 |
| 1 | 757043 | 2000757043 | 样本书库/样003架A面3层2列/ [索取号:R245.9-62/1] | 在馆 | |
| 2 | 757044 | 2000757044 | 中心书库中库/ 中库003架B面1列2层29/ [索取号:R245.9-62/1] | 在馆 | |
| 3 | 757045 | 2000757045 | 中心书库中库/ 中库003架B面1列2层28/ [索取号:R245.9-62/1] | 在馆 |